| 000 | 01723cam a2200361 i 4500 | ||
|---|---|---|---|
| 001 | 17545060 | ||
| 005 | 20221216113012.0 | ||
| 008 | 121130s2013 enk b 001 0 eng | ||
| 010 | _a 2012040026 | ||
| 020 | _a9780415625302 (hardback) | ||
| 020 | _z9780203552223 (ebook) | ||
| 040 |
_aDLC _beng _cDLC _erda _dDLC |
||
| 042 | _apcc | ||
| 043 | _aa-ii--- | ||
| 050 | 0 | 0 |
_aHN690.Z9 _b.S6567 2013 |
| 082 | 0 | 0 |
_a305.800954,SIN _223 |
| 100 | 1 |
_aSingh, Sinderpal. _9105048 |
|
| 245 | 1 | 0 |
_aIndia in South Asia : _bdomestic identity politics and foreign policy from Nehru to the BJP / _cSinderpal Singh. |
| 264 | 1 |
_aMilton Park, Abingdon, Oxon ; _aNew Nork, NY : _bRoutledge, _c2013. |
|
| 300 |
_a163 pages ; _c24 cm. |
||
| 336 |
_atext _2rdacontent |
||
| 337 |
_aunmediated _2rdamedia |
||
| 338 |
_avolume _2rdacarrier |
||
| 490 | 0 |
_aRoutledge advances in international relations and global politics ; _v108 |
|
| 505 | _aIntroduction (Page-1), Nehru and the invention of India (Page-12), The case of Pakistan and Nepal (Page-28), Indira Gandhi and the idea of India (Page-48), The case of Pakistan and Sri Lanka (Page-65), The BJP era and the construction of Indian identity (Page-85), Dealing with Pakistan and Bangladesh (Page-99). | ||
| 650 | 0 |
_aGroup identity _zIndia. _9105049 |
|
| 650 | 0 |
_aElite (Social sciences) _zIndia. _9105050 |
|
| 651 | 0 |
_aIndia _xForeign relations. _98767 |
|
| 651 | 0 |
_aIndia _xPolitics and government _y1947- _912045 |
|
| 906 |
_a7 _bcbc _corignew _d1 _eecip _f20 _gy-gencatlg |
||
| 942 |
_2ddc _cBK _k305.800954,SIN |
||
| 999 |
_c592710 _d592710 |
||